Central Library OPAC University of Rajshahi

Ben Jonson / (Record no. 17620)

MARC details
000 -LEADER
fixed length control field 01086cam a2200289 a 4500
001 - CONTROL NUMBER
control field 17620
003 - CONTROL NUMBER IDENTIFIER
rucl marc code BD-RjUL
005 - DATE AND TIME OF LATEST TRANSACTION
control field 20211209000152.0
008 - FIXED-LENGTH DATA ELEMENTS--GENERAL INFORMATION
fixed length control field 140217s1948 nyu j b 001 0 eng
035 ## - SYSTEM CONTROL NUMBER
System control number (BD-RjUL)17678
040 ## - CATALOGING SOURCE
Original cataloging agency DLC
Transcribing agency DLC
Modifying agency DLC
-- BD-RjUL
Language of cataloging eng
041 ## - LANGUAGE CODE
Language code of text/sound track or separate title eng
082 00 - DEWEY DECIMAL CLASSIFICATION NUMBER
Classification number 822.3
Edition number 19
Author mark and year BEN
245 00 - TITLE STATEMENT
Title Ben Jonson /
Statement of responsibility, etc. edited and with an introduction by Harold Bloom.
260 ## - PUBLICATION, DISTRIBUTION, ETC. (IMPRINT)
Place of publication, distribution, etc. New York :
Name of publisher, distributor, etc. Chelsea House Publishers,
Date of publication, distribution, etc. 1948.
300 ## - PHYSICAL DESCRIPTION
Pagination lxxii, 431 p. ;
Size 25 cm.
504 ## - BIBLIOGRAPHY, ETC. NOTE
Bibliography, etc Includes Bibliography: p. 243-245 and index.
520 ## - SUMMARY, ETC.
Summary, etc. A collection of fourteen critical essays on the works of the English dramatist and poet arranged in chronological order of publication.
600 10 - SUBJECT ADDED ENTRY--PERSONAL NAME
Personal name Jonson, Ben,
Dates associated with a name 1573?-1637
General subdivision Criticism and interpretation.
Personal name Jonson, Ben,
Dates associated with a name 1573?-1637
General subdivision Criticism and interpretation.
650 #1 - SUBJECT ADDED ENTRY--TOPICAL TERM
Topical term or geographic name as entry element English literature
General subdivision History and criticism.
9 (RLIN) 52967
700 1# - ADDED ENTRY--PERSONAL NAME
Personal name Bloom, Harold.
942 ## - ADDED ENTRY ELEMENTS (KOHA)
Source of classification or shelving scheme Dewey Decimal Classification
Koha item type Books
Holdings
Lost status Source of classification or shelving scheme Damaged status Not for loan Collection code Permanent Location Current Location Shelving location Date acquired Source of acquisition Cost, normal purchase price Total Checkouts Full call number Date last seen Copy number Koha item type
  Dewey Decimal Classification     Fiction Central Library, University of Rajshahi Central Library, University of Rajshahi   16/11/1967 Zeitlinger 10.60   822.3 BEN 1948 17/02/2014 C-3 Books